| 000 -LEADER |
| fixed length control field |
00985nam a22002177a 4500 |
| 005 - DATE AND TIME OF LATEST TRANSACTION |
| control field |
20231201123010.0 |
| 008 - FIXED-LENGTH DATA ELEMENTS--GENERAL INFORMATION |
| fixed length control field |
231201s2015ru xxu||||| |||| 00| 0 rus d |
| 041 ## - LANGUAGE CODE |
| Language code of text/sound track or separate title |
rus |
| 080 ## - UNIVERSAL DECIMAL CLASSIFICATION NUMBER |
| Universal Decimal Classification number |
929.731(479.22) М-54 |
| 100 ## - MAIN ENTRY--PERSONAL NAME |
| Personal name |
Метревели, Р. (Роин) |
| 9 (RLIN) |
20546 |
| 245 ## - TITLE STATEMENT |
| Title |
Святой Давид Строитель - объединитель Кавказа / |
| Statement of responsibility, etc. |
Роин Метревели, Джаба Самушиа ; Ред. Нана Кикнадзе ; |
| 264 ## - PRODUCTION, PUBLICATION, DISTRIBUTION, MANUFACTURE, AND COPYRIGHT NOTICE |
| Place of production, publication, distribution, manufacture |
Тбилиси, |
| Date of production, publication, distribution, manufacture, or copyright notice |
2015. |
| 300 ## - PHYSICAL DESCRIPTION |
| Extent |
147 с ; |
| Other physical details |
22 cм |
| 653 ## - INDEX TERM--UNCONTROLLED |
| keyword |
Святой Давид Строитель - объединитель Кавказа |
| 653 ## - INDEX TERM--UNCONTROLLED |
| keyword |
Давид IV Строитель |
| 653 ## - INDEX TERM--UNCONTROLLED |
| keyword |
დავით IV აღმაშენებელი. |
| 700 ## - ADDED ENTRY--PERSONAL NAME |
| Personal name |
Самушиа, Джаба |
| Relator term |
ავტორი |
| 9 (RLIN) |
20547 |
| 700 ## - ADDED ENTRY--PERSONAL NAME |
| Personal name |
Кикнадзе, Нана |
| Relator term |
რედაქტორი |
| 9 (RLIN) |
20548 |
| 710 ## - ADDED ENTRY--CORPORATE NAME |
| Corporate name or jurisdiction name as entry element |
Нац. АН Грузии. |
| 9 (RLIN) |
20549 |
| 942 ## - ADDED ENTRY ELEMENTS (KOHA) |
| Source of classification or shelving scheme |
|
| Koha item type |
წიგნი |